A comparative study of local government property management in the United Kingdom and the Russian Federation (Record no. 105035)

MARC details
000 -LEADER
fixed length control field 01292cam a2200229 4500
001 - CONTROL NUMBER
control field ##L132141
008 - FIXED-LENGTH DATA ELEMENTS--GENERAL INFORMATION
fixed length control field 060113n2005 000 0 eng u
020 ## - INTERNATIONAL STANDARD BOOK NUMBER
International Standard Book Number 0704422565
035 ## - SYSTEM CONTROL NUMBER
System control number (Sirsi) u132141
041 0# - LANGUAGE CODE
Language code of text/sound track or separate title eng
050 04 - LIBRARY OF CONGRESS CALL NUMBER
Classification number 336.21 $2 18
100 1# - MAIN ENTRY--PERSONAL NAME
Personal name Phelps, Alan
245 02 - TITLE STATEMENT
Title A comparative study of local government property management in the United Kingdom and the Russian Federation
260 ## - PUBLICATION, DISTRIBUTION, ETC.
Place of publication, distribution, etc. Birmingham
Name of publisher, distributor, etc. University of Birmingham
Date of publication, distribution, etc. 2005
300 ## - PHYSICAL DESCRIPTION
Extent 35p.
Dimensions 30cm.
520 ## - SUMMARY, ETC.
Summary, etc. The challenges facing local government means it is required to continuously strive for improvement in performance and look for new ways of delivering better services for the communities it serves. This report provides an initial comparison between local government property management in the United Kingdom and the Russian Federation in an attempt to provide both with the opportunity to learn from each other. The study brings to light key similarities and differences including their interpretations and views on property management, the implementation of strategic planning and the size and nature of property holdings.
650 24 - SUBJECT ADDED ENTRY--TOPICAL TERM
Topical term or geographic name entry element UNITED KINGDOM
650 24 - SUBJECT ADDED ENTRY--TOPICAL TERM
Topical term or geographic name entry element RUSSIAN FEDERATION
690 ## - LOCAL SUBJECT ADDED ENTRY--TOPICAL TERM (OCLC, RLIN)
Topical term or geographic name as entry element Block management
9 (RLIN) 6220
710 2# - ADDED ENTRY--CORPORATE NAME
Corporate name or jurisdiction name as entry element University of Birmingham
9 (RLIN) 2012
942 ## - ADDED ENTRY ELEMENTS (KOHA)
Suppress in OPAC 0
Holdings
Withdrawn status Lost status Source of classification or shelving scheme Damaged status Not for loan Home library Current library Shelving location Date acquired Total Checkouts Full call number Barcode Date last seen Copy number Price effective from Koha item type
    Dewey Decimal Classification     London London Folio 13/01/2006   F336.21 PHE 30071578 06/08/2019 1 06/08/2019 Book